[Event "Moscow-chT"]
[Site "Moscow"]
[Date "2016.10.30"]
[Round "8.1"]
[White "Shorokhov, Alexandr"]
[Black "Mirzoeva, Elmira"]
[Result "1-0"]
[WhiteElo "2463"]
[BlackElo "2320"]
[PlyCount "109"]
[EventDate "2016.10.18"]
[EventType "team-swiss"]
[EventRounds "9"]
[EventCountry "RUS"]
[SourceTitle "CBM 175 Extra"]
[Source "ChessBase"]
[SourceDate "2016.12.12"]
[SourceVersion "1"]
[SourceVersionDate "2016.12.12"]
[SourceQuality "1"]
[WhiteTeam "Automatika"]
[BlackTeam "Gogol Mogol"]
[WhiteTeamCountry "RUS"]
[BlackTeamCountry "RUS"]

1. e4 c6 2. Nc3 d5 3. Nf3 Nf6 4. e5 Ne4 5. d4 Nxc3 6. bxc3 e6 7. Bd3 Be7 8. h4 h6 9. h5 c5 10. Rh3 c4 11. Be2 Nc6 12. Rg3 Bf8 13. a4 Qa5 14. Nd2 Bd7 15. Ba3 0-0-0 16. Qc1 Kb8 17. f4 Ka8 18. Kf2 Rg8 19. Bxf8 Rdxf8 20. Qa3 Rb8 21. Nf1 Qd8 22. Kg1 b5 23. axb5 Rxb5 24. Ne3 Ra5 25. Qc1 Rxa1 26. Qxa1 g6 27. hxg6 Rxg6 28. Rh3 Qg8 29. Kh2 f5 30. Qa3 Qb8 31. Bf3 Rg8 32. Rxh6 Qf8 33. Qxf8+ Rxf8 34. g4 fxg4 35. Bxg4 Nd8 36. Nxd5 Bc6 37. Nf6 a5 38. Be2 Bb5 39. Kg3 a4 40. Rh1 Ka7 41. f5 exf5 42. d5 Nf7 43. Kf4 Kb6 44. Bxc4 Ra8 45. Rb1 Ra5 46. d6 Nd8 47. e6 Nxe6+ 48. Bxe6 a3 49. Ba2 Kc5 50. d7 Ra8 51. Rd1 Bc4 52. Bxc4 Kxc4 53. d8Q Rxd8 54. Rxd8 Kxc3 55. Ra8 1-0

[Event "Moscow-chT"]
[Site "Moscow"]
[Date "2015.10.22"]
[Round "4.1"]
[White "Paravyan, David"]
[Black "Shorokhov, Alexandr"]
[Result "1/2-1/2"]
[WhiteElo "2486"]
[BlackElo "2467"]
[PlyCount "124"]
[EventDate "2015.10.15"]
[EventType "team-swiss"]
[EventRounds "9"]
[EventCountry "RUS"]
[SourceTitle "CBM 168 Extra"]
[Source "ChessBase"]
[SourceDate "2015.10.29"]
[SourceVersion "1"]
[SourceVersionDate "2015.10.29"]
[SourceQuality "1"]
[WhiteTeam "Glek Academy"]
[BlackTeam "Automation"]
[WhiteTeamCountry "RUS"]
[BlackTeamCountry "RUS"]

1. e4 e6 2. d4 d5 3. e5 c5 4. c3 Nc6 5. Nf3 Bd7 6. Be2 f6 7. Bb5 fxe5 8. Bxc6 Bxc6 9. Nxe5 Nf6 10. Qe2 Qb6 11. 0-0 cxd4 12. Nxc6 Qxc6 13. cxd4 Bb4 14. Bd2 Bxd2 15. Nxd2 Rc8 16. Nb3 Kf7 17. Rac1 Qd6 18. Nc5 Rc7 19. f4 Re7 20. g4 Rd8 21. g5 Ne4 22. Nxe4 dxe4 23. Rcd1 Qd5 24. Rfe1 Qxa2 25. Qxe4 g6 26. Qe5 Qd5 27. Qf6+ Ke8 28. Re5 Qf3 29. Rf1 Qd3 30. Rfe1 Qxd4+ 31. Kh1 Rd6 32. Qh8+ Kd7 33. Qb8 Qb6 34. Qf8 Qc6+ 35. Kg1 Rd2 36. R5e2 Qc2 37. Qb8 Qxb2 38. Rxd2+ Qxd2 39. Qxb7+ Ke8 40. Qb5+ Kf7 41. Qe5 Qd8 42. Qf6+ Kg8 43. Rb1 Re8 44. Qxd8 Rxd8 45. Ra1 Rd7 46. Kf2 Rb7 47. Ke3 Kg7 48. Ke4 h6 49. gxh6+ Kxh6 50. Ra6 Re7 51. Ke5 Kg7 52. Ra3 Kf7 53. Rh3 a5 54. Rh7+ Ke8 55. Rh8+ Kd7 56. Ra8 Rf7 57. Ra7+ Ke8 58. Ra6 Kf8 59. Kxe6 Rf5 60. Ra7 Kg8 61. h3 Kf8 62. h4 Rxf4 1/2-1/2

[Event "Moscow-chT"]
[Site "Moscow"]
[Date "2014.10.02"]
[Round "4.3"]
[White "Shorokhov, Alexandr"]
[Black "Mozharov, Mikhail"]
[Result "1/2-1/2"]
[WhiteElo "2446"]
[BlackElo "2555"]
[PlyCount "104"]
[EventDate "2014.09.27"]
[EventType "team-tourn"]
[EventRounds "11"]
[EventCountry "RUS"]
[SourceTitle "CBM 162 Extra"]
[Source "ChessBase"]
[SourceDate "2014.10.17"]
[SourceVersion "1"]
[SourceVersionDate "2014.10.17"]
[SourceQuality "1"]
[WhiteTeam "VNII Avtomatiki"]
[BlackTeam "Academy GMs"]
[WhiteTeamCountry "RUS"]
[BlackTeamCountry "RUS"]

1. e4 e5 2. Nf3 Nc6 3. Bb5 Nge7 4. c3 a6 5. Ba4 g6 6. d4 exd4 7. cxd4 b5 8. Bb3 Bg7 9. Nc3 d6 10. d5 Na5 11. Bc2 0-0 12. 0-0 Nc4 13. Nd4 Bb7 14. b3 c5 15. dxc6 Nxc6 16. Nde2 Nb6 17. Bb2 d5 18. exd5 Nb4 19. Be4 N6xd5 20. Qb1 Nxc3 21. Bxc3 Bxe4 22. Qxe4 Re8 23. Qxb4 Rxe2 24. Bxg7 Kxg7 25. a4 bxa4 26. Rxa4 Qf6 27. Qc4 Re6 28. g3 Rd8 29. Qf4 Qb2 30. Qc1 Rd2 31. Qxb2+ Rxb2 32. Rfa1 Rf6 33. f4 Rc6 34. R4a2 Rc1+ 35. Rxc1 Rxa2 36. Rc6 h5 37. b4 Kh6 38. Rc7 h4 39. gxh4 f5 40. h3 Ra4 41. Kf2 Rxb4 42. Kg3 Rb3+ 43. Kg2 a5 44. Ra7 Ra3 45. Kh2 Ra2+ 46. Kg3 Ra4 47. Kf3 Ra1 48. Kg2 a4 49. Kh2 a3 50. Kg3 Ra2 51. Kf3 Ra1 52. Kg3 Ra2 1/2-1/2

[Event "RUS-chT2 16th"]
[Site "Dagomys"]
[Date "2009.04.09"]
[Round "8"]
[White "Pridorozhni, Aleksei"]
[Black "Shorokhov, Alexandr"]
[Result "1-0"]
[WhiteElo "2528"]
[BlackElo "2457"]
[PlyCount "63"]
[EventDate "2009.04.02"]
[EventType "team-tourn"]
[EventRounds "9"]
[EventCountry "RUS"]
[SourceTitle "CBM 129 Extra"]
[Source "ChessBase"]
[SourceDate "2009.05.05"]
[SourceVersion "2"]
[SourceVersionDate "2009.05.20"]
[SourceQuality "1"]

1. e4 c5 2. Nf3 d6 3. Bb5+ Nc6 4. Bxc6+ bxc6 5. 0-0 g6 6. e5 Bg7 7. Re1 Nh6 8. exd6 Qxd6 9. d3 Be6 10. Nbd2 Qc7 11. Ne4 Qb6 12. Nfg5 Bd5 13. Nd6+ Kf8 14. Nde4 Nf5 15. a4 c4 16. Ng3 Nxg3 17. hxg3 h6 18. Nf3 cxd3 19. Qxd3 Bf6 20. Ne5 Rd8 21. a5 Qc7 22. Bf4 Qc8 23. Qe2 Kg7 24. Ng4 Bxb2 25. Be5+ Bxe5 26. Qxe5+ Kh7 27. Qf4 h5 28. Ne5 f6 29. Ng4 Qd7 30. Qh6+ Kg8 31. Qxg6+ Kf8 32. Nxf6 1-0

[Event "RUS-chT2 16th"]
[Site "Dagomys"]
[Date "2009.04.08"]
[Round "7"]
[White "Matlakov, Maxim"]
[Black "Shorokhov, Alexandr"]
[Result "1-0"]
[WhiteElo "2533"]
[BlackElo "2457"]
[PlyCount "63"]
[EventDate "2009.04.02"]
[EventType "team-tourn"]
[EventRounds "9"]
[EventCountry "RUS"]
[SourceTitle "CBM 129 Extra"]
[Source "ChessBase"]
[SourceDate "2009.05.05"]
[SourceVersion "2"]
[SourceVersionDate "2009.05.20"]
[SourceQuality "1"]

1. d4 Nf6 2. Nf3 g6 3. c4 Bg7 4. g3 0-0 5. Bg2 c6 6. 0-0 d5 7. b3 Bf5 8. Bb2 Nbd7 9. Nc3 Ne4 10. e3 Nxc3 11. Bxc3 Be4 12. Qe2 Rc8 13. Bh3 Bxf3 14. Qxf3 e6 15. Rfd1 f5 16. Qe2 Nf6 17. a4 g5 18. b4 Ne4 19. Be1 Nd6 20. c5 Ne4 21. f3 Nf6 22. b5 b6 23. Rac1 Nd7 24. e4 Qf6 25. exd5 exd5 26. Qa2 Qe6 27. Bf2 Nf6 28. cxb6 cxb5 29. Rxc8 Qxc8 30. bxa7 g4 31. fxg4 fxg4 32. Bg2 1-0

[Event "RUS-chT2 16th"]
[Site "Dagomys"]
[Date "2009.04.05"]
[Round "4"]
[White "Kalugin, Sergey V"]
[Black "Shorokhov, Alexandr"]
[Result "1-0"]
[WhiteElo "2406"]
[BlackElo "2457"]
[PlyCount "107"]
[EventDate "2009.04.02"]
[EventType "team-tourn"]
[EventRounds "9"]
[EventCountry "RUS"]
[SourceTitle "CBM 129 Extra"]
[Source "ChessBase"]
[SourceDate "2009.05.05"]
[SourceVersion "2"]
[SourceVersionDate "2009.05.20"]
[SourceQuality "1"]

1. e4 e6 2. d4 d5 3. Nc3 Nf6 4. Bg5 Be7 5. e5 Nfd7 6. Bxe7 Qxe7 7. f4 a6 8. Qd2 c5 9. Nf3 Nc6 10. dxc5 Nxc5 11. Bd3 0-0 12. 0-0-0 b5 13. Kb1 Bd7 14. Qe3 Nxd3 15. cxd3 f6 16. Rhe1 Rae8 17. g3 h6 18. Ne2 fxe5 19. Nxe5 Nxe5 20. Qxe5 g5 21. Nd4 gxf4 22. gxf4 Qf6 23. Rg1+ Kh7 24. Nf3 Re7 25. Qd6 Be8 26. Ne5 Ra7 27. Rdf1 a5 28. Qb6 Qe7 29. f5 Rb7 30. Qd4 exf5 31. Qxd5 Bf7 32. Qf3 Be8 33. Qg2 Rb6 34. Rxf5 Rbf6 35. Rxf6 Qxf6 36. Qe4+ Kh8 37. Qd4 Kh7 38. a3 Rg8 39. Qe4+ Kh8 40. Rc1 b4 41. axb4 axb4 42. Qd4 Kh7 43. Rc7+ Rg7 44. Qe4+ Kh8 45. Ng4 Qg6 46. Rxg7 Qxe4 47. dxe4 Kxg7 48. Kc2 h5 49. Ne5 Bb5 50. Kd2 Kf6 51. Nf3 Bc4 52. Ke3 Ba2 53. h4 Bb1 54. Nd4 1-0

[Event "RUS-chT2 16th"]
[Site "Dagomys"]
[Date "2009.04.03"]
[Round "2"]
[White "Zabotin, Alexander"]
[Black "Shorokhov, Alexandr"]
[Result "1/2-1/2"]
[WhiteElo "2486"]
[BlackElo "2457"]
[PlyCount "66"]
[EventDate "2009.04.02"]
[EventType "team-tourn"]
[EventRounds "9"]
[EventCountry "RUS"]
[SourceTitle "CBM 129 Extra"]
[Source "ChessBase"]
[SourceDate "2009.05.05"]
[SourceVersion "2"]
[SourceVersionDate "2009.05.20"]
[SourceQuality "1"]

1. d4 Nf6 2. Nf3 g6 3. Bf4 Bg7 4. e3 0-0 5. h3 d6 6. Be2 c5 7. c3 cxd4 8. exd4 b6 9. 0-0 Bb7 10. Bh2 Nbd7 11. Nbd2 Qc7 12. Re1 e5 13. Bf1 Rfe8 14. Qb3 Re7 15. Qa3 Rae8 16. dxe5 Nxe5 17. Bb5 Rd8 18. Nd4 a6 19. Bf1 b5 20. Qb3 Nfd7 21. Rac1 Nb6 22. Bf4 h6 23. Qc2 Rde8 24. Red1 f5 25. Bg3 Kh7 26. b3 Rc8 27. h4 h5 28. c4 Qd7 29. N4f3 Nxf3+ 30. Nxf3 Bxf3 31. gxf3 bxc4 32. bxc4 Rc6 33. Qd2 Bh6 1/2-1/2

[Event "RUS-chT2"]
[Site "Sochi"]
[Date "2008.04.09"]
[Round "7"]
[White "Shorokhov, Alexandr"]
[Black "Lintchevski, Daniil"]
[Result "1-0"]
[WhiteElo "2465"]
[BlackElo "2440"]
[PlyCount "78"]
[EventDate "2008.04.03"]
[EventType "team"]
[EventRounds "9"]
[EventCountry "RUS"]
[SourceTitle "CBM 123 Extra"]
[Source "ChessBase"]
[SourceDate "2008.05.06"]
[SourceVersion "1"]
[SourceVersionDate "2008.05.06"]
[SourceQuality "1"]

1. e4 c5 2. Nf3 Nc6 3. g3 g6 4. Bg2 Bg7 5. 0-0 d6 6. c3 Bg4 7. h3 Bxf3 8. Qxf3 e6 9. d3 Nge7 10. Be3 0-0 11. Rd1 f5 12. Qe2 Qe8 13. Nd2 Rd8 14. f4 b6 15. a3 d5 16. Bf2 h6 17. e5 g5 18. d4 cxd4 19. cxd4 Kh7 20. Rac1 Rg8 21. fxg5 hxg5 22. Nf3 Qg6 23. g4 Bh6 24. b4 Rc8 25. Be3 Kg7 26. Qd2 f4 27. Bf2 Nb8 28. Bf1 Qe8 29. Rxc8 Qxc8 30. Bd3 Kf7 31. Rc1 Qd7 32. Bb1 Rc8 33. Rxc8 Qxc8 34. b5 Nd7 35. h4 Qg8 36. hxg5 Bxg5 37. Be1 Bh6 38. Qg2 Ke8 39. Qh3 Bg7 1-0

[Event "RUS-chT2"]
[Site "Sochi"]
[Date "2008.04.03"]
[Round "1"]
[White "Pridorozhni, Aleksei"]
[Black "Shorokhov, Alexandr"]
[Result "1-0"]
[WhiteElo "2519"]
[BlackElo "2465"]
[PlyCount "75"]
[EventDate "2008.04.03"]
[EventType "team"]
[EventRounds "9"]
[EventCountry "RUS"]
[SourceTitle "CBM 123 Extra"]
[Source "ChessBase"]
[SourceDate "2008.05.06"]
[SourceVersion "1"]
[SourceVersionDate "2008.05.06"]
[SourceQuality "1"]

1. e4 c5 2. Nf3 d6 3. d4 cxd4 4. Nxd4 Nf6 5. Nc3 a6 6. Be2 Nc6 7. Be3 e6 8. 0-0 Be7 9. f4 0-0 10. Qe1 Qc7 11. Kh1 Bd7 12. Qg3 b5 13. a3 Rab8 14. Rad1 b4 15. axb4 Rxb4 16. Nxc6 Bxc6 17. Bd4 Qb7 18. b3 Bxe4 19. Nxe4 Qxe4 20. Bc3 Qxe2 21. Bxb4 Qxc2 22. Qf3 Nd5 23. Rc1 Qa2 24. Rf2 Qxf2 25. Qxf2 Nxb4 26. Qa7 Bf6 27. Qb6 Nd3 28. Rf1 d5 29. Qxa6 Nc5 30. Qb6 Ne4 31. b4 d4 32. Qc6 Nc3 33. Qc4 Rb8 34. g4 h6 35. g5 hxg5 36. fxg5 Bxg5 37. Qxd4 Rc8 38. Qd7 1-0

[Event "Ilyumzhinov Cup"]
[Site "Internet"]
[Date "2006.05.06"]
[Round "?"]
[White "Kalvaitis, Sigitas"]
[Black "Shorokhov, Alexandr"]
[Result "1-0"]
[WhiteElo "2197"]
[BlackElo "2471"]
[PlyCount "43"]
[EventDate "2006.05.06"]
[EventType "swiss"]
[EventRounds "13"]
[EventCountry "RUS"]
[SourceTitle "CBM 112 Extra"]
[Source "ChessBase"]
[SourceDate "2006.07.14"]
[SourceVersion "1"]
[SourceVersionDate "2006.07.14"]
[SourceQuality "1"]

1. e4 e6 2. d4 d5 3. Nc3 Nf6 4. Bg5 Be7 5. e5 Nfd7 6. h4 Bxg5 7. hxg5 Qxg5 8. Nh3 Qe7 9. Nf4 g6 10. Bd3 Nf8 11. Ncxd5 exd5 12. Nxd5 Qd8 13. Nf6+ Ke7 14. Qf3 c6 15. Bc4 Qxd4 16. Ng8+ Rxg8 17. Qxf7+ Kd8 18. Rd1 Qxd1+ 19. Kxd1 Rh8 20. Qf6+ Kc7 21. Qxh8 Nfd7 22. Rxh7 1-0

[Event "Ilyumzhinov Cup"]
[Site "Internet"]
[Date "2006.05.06"]
[Round "?"]
[White "Shorokhov, Alexandr"]
[Black "Berdichevski, Igor"]
[Result "0-1"]
[WhiteElo "2471"]
[BlackElo "2555"]
[PlyCount "58"]
[EventDate "2006.05.06"]
[EventType "swiss"]
[EventRounds "13"]
[EventCountry "RUS"]
[SourceTitle "CBM 112 Extra"]
[Source "ChessBase"]
[SourceDate "2006.07.14"]
[SourceVersion "1"]
[SourceVersionDate "2006.07.14"]
[SourceQuality "1"]

1. e4 c6 2. d4 d5 3. Nc3 dxe4 4. Nxe4 Nf6 5. Nxf6+ gxf6 6. Be3 h5 7. Qd2 h4 8. 0-0-0 h3 9. Nxh3 Bxh3 10. gxh3 Qd5 11. Rg1 Qxa2 12. Qc3 e6 13. Bc4 Qa1+ 14. Kd2 Qa4 15. Ke2 Qb4 16. Qd3 Nd7 17. c3 Qa5 18. b4 Qh5+ 19. Kd2 0-0-0 20. b5 Ne5 21. Qe2 Nxc4+ 22. Qxc4 Qxb5 23. Qa2 a6 24. Rb1 Qd5 25. Rb3 e5 26. Rgb1 exd4 27. cxd4 Bc5 28. Kc1 Bxd4 29. Bxd4 Qxd4 0-1

[Event "Ilyumzhinov Cup"]
[Site "Internet"]
[Date "2006.05.06"]
[Round "?"]
[White "Shorokhov, Alexandr"]
[Black "Khusnutdinov, Rustam"]
[Result "0-1"]
[WhiteElo "2471"]
[BlackElo "2392"]
[PlyCount "84"]
[EventDate "2006.05.06"]
[EventType "swiss"]
[EventRounds "13"]
[EventCountry "RUS"]
[SourceTitle "CBM 112 Extra"]
[Source "ChessBase"]
[SourceDate "2006.07.14"]
[SourceVersion "1"]
[SourceVersionDate "2006.07.14"]
[SourceQuality "1"]

1. e4 c5 2. Nf3 Nc6 3. d4 cxd4 4. Nxd4 e5 5. Nb5 d6 6. c4 Be6 7. N1c3 a6 8. Na3 Nf6 9. Be2 Be7 10. Be3 0-0 11. 0-0 Rc8 12. f3 Nd7 13. Nd5 Bg5 14. Bf2 Nc5 15. b4 Nd7 16. b5 Ne7 17. Rb1 Nc5 18. Nc2 f5 19. exf5 Nxf5 20. Ncb4 a5 21. Nd3 Nd7 22. Nb2 Kh8 23. Bd3 Bxd5 24. Bxf5 Bg8 25. Be4 Nc5 26. Bd5 Bf4 27. Bxg8 Rxg8 28. Qd5 b6 29. Rbd1 Qg5 30. Qxd6 e4 31. Qd5 e3 32. Bxe3 Bxe3+ 33. Kh1 Qh4 34. g3 Qf6 35. Nd3 Rgd8 36. Qe5 Rxd3 37. Qh5 Rxd1 38. Rxd1 Rf8 39. Kg2 g6 40. Qg4 h5 41. Qh4 Qxf3+ 42. Kh3 Qxd1 0-1

[Event "Ilyumzhinov Cup"]
[Site "Internet"]
[Date "2006.05.06"]
[Round "?"]
[White "Shorokhov, Alexandr"]
[Black "Kretov, Evgenij"]
[Result "1/2-1/2"]
[WhiteElo "2471"]
[BlackElo "2138"]
[PlyCount "62"]
[EventDate "2006.05.06"]
[EventType "swiss"]
[EventRounds "13"]
[EventCountry "RUS"]
[SourceTitle "CBM 112 Extra"]
[Source "ChessBase"]
[SourceDate "2006.07.14"]
[SourceVersion "1"]
[SourceVersionDate "2006.07.14"]
[SourceQuality "1"]

1. e4 c5 2. Nf3 Nc6 3. d4 cxd4 4. Nxd4 g6 5. c4 Nf6 6. Nc3 d6 7. Be2 Nxd4 8. Qxd4 Bg7 9. 0-0 0-0 10. Qd1 Be6 11. Be3 Qa5 12. f3 Rfc8 13. Nd5 Nxd5 14. cxd5 Bd7 15. Qb3 b5 16. Rac1 a6 17. Kf2 h5 18. g3 Bh3 19. Rfd1 Bd7 20. h4 Bf6 21. Bf1 Bg7 22. Be2 Bf6 23. f4 Bg7 24. Kg2 Bf6 25. Kf2 Bg7 26. Bf3 Bf6 27. a3 Rab8 28. Bd2 Qb6+ 29. Be3 Qa5 30. Bd2 Qb6+ 31. Be3 Qa5 1/2-1/2

[Event "Ilyumzhinov Cup"]
[Site "Internet"]
[Date "2006.05.06"]
[Round "?"]
[White "Shorokhov, Alexandr"]
[Black "Pankov, German"]
[Result "1-0"]
[WhiteElo "2471"]
[BlackElo "2305"]
[PlyCount "101"]
[EventDate "2006.05.06"]
[EventType "swiss"]
[EventRounds "13"]
[EventCountry "RUS"]
[SourceTitle "CBM 112 Extra"]
[Source "ChessBase"]
[SourceDate "2006.07.14"]
[SourceVersion "1"]
[SourceVersionDate "2006.07.14"]
[SourceQuality "1"]

1. e4 c5 2. Nf3 e6 3. d4 cxd4 4. Nxd4 Qb6 5. Nb3 Qc7 6. Be3 a6 7. c4 Nf6 8. Bd3 Nc6 9. 0-0 Ne5 10. Bf4 d6 11. Na3 Be7 12. c5 0-0 13. Rc1 Rd8 14. cxd6 Qxd6 15. Bb1 Qxd1 16. Rfxd1 Nc6 17. Nc4 Rxd1+ 18. Rxd1 Nd7 19. Bd6 Bf6 20. e5 Bd8 21. Be4 f6 22. f4 f5 23. Bf3 Nb6 24. Ne3 Bd7 25. Nc5 Na5 26. b4 Nac4 27. Nxc4 Nxc4 28. Nxd7 Ne3 29. Rc1 a5 30. b5 a4 31. Kf2 Ng4+ 32. Bxg4 fxg4 33. Ke2 Ra5 34. Rb1 a3 35. Bc5 Ra4 36. Be3 g3 37. hxg3 Rc4 38. Kd3 Rc7 39. Nc5 Be7 40. Nxe6 Rd7+ 41. Ke4 Kf7 42. Rc1 Kxe6 43. f5+ Kf7 44. e6+ Ke8 45. exd7+ Kxd7 46. Kd5 Bf6 47. Bf4 Bb2 48. Rc7+ Ke8 49. Ke6 Kd8 50. Rxb7 g6 51. Rb8# 1-0

[Event "Ilyumzhinov Cup"]
[Site "Internet"]
[Date "2006.05.06"]
[Round "?"]
[White "Shorokhov, Alexandr"]
[Black "Vysochin, Spartak"]
[Result "1-0"]
[WhiteElo "2471"]
[BlackElo "2555"]
[PlyCount "125"]
[EventDate "2006.05.06"]
[EventType "swiss"]
[EventRounds "13"]
[EventCountry "RUS"]
[SourceTitle "CBM 112 Extra"]
[Source "ChessBase"]
[SourceDate "2006.07.14"]
[SourceVersion "1"]
[SourceVersionDate "2006.07.14"]
[SourceQuality "1"]

1. e4 e6 2. d4 d5 3. Nd2 c5 4. Ngf3 Nc6 5. Bb5 Qb6 6. exd5 Qxb5 7. dxc6 Qxc6 8. 0-0 Nf6 9. dxc5 Bxc5 10. Nb3 Bd6 11. Nbd4 Qd5 12. b3 0-0 13. c4 Qc5 14. Nb5 Rd8 15. Ba3 Bxh2+ 16. Nxh2 Rxd1 17. Bxc5 Rxa1 18. Rxa1 b6 19. Bd4 Bb7 20. f3 Nd7 21. Rd1 Bc6 22. Nc3 f6 23. Nf1 Kf7 24. Bf2 Ne5 25. Ng3 Rc8 26. Nge4 Rc7 27. Bg3 Rd7 28. Bxe5 Rxd1+ 29. Nxd1 fxe5 30. Kf2 h6 31. Ke3 g5 32. Ndf2 Kg6 33. Ng4 Ba8 34. Nxe5+ Kg7 35. g4 a6 36. b4 h5 37. gxh5 Kh6 38. Nf6 a5 39. bxa5 bxa5 40. c5 g4 41. fxg4 Kg5 42. Nfd7 a4 43. c6 a3 44. c7 Bb7 45. Kd4 Bc8 46. Nb6 Bb7 47. c8Q Bxc8 48. Nxc8 Kh6 49. Nd6 Kh7 50. Ndc4 Kg7 51. Nxa3 Kf6 52. Nb5 Kg7 53. a4 Kf6 54. a5 Kg5 55. a6 Kf6 56. a7 Kg5 57. a8Q Kh4 58. h6 Kg5 59. h7 Kf4 60. h8Q Kg3 61. Qhh1 Kf4 62. Qaf3+ Kg5 63. Qh5# 1-0

[Event "RUS-chT Clubs U18"]
[Site "Rybinsk"]
[Date "2004.08.??"]
[Round "5"]
[White "Chestnov, Dmitry"]
[Black "Shorokhov, Alexandr"]
[Result "0-1"]
[WhiteElo "2161"]
[BlackElo "2470"]
[PlyCount "82"]
[EventDate "2004.08.??"]
[EventType "team-tourn"]
[EventRounds "9"]
[EventCountry "RUS"]
[SourceTitle "EXT 2005"]
[Source "ChessBase"]
[SourceDate "2004.11.15"]
[SourceVersion "1"]
[SourceVersionDate "2004.11.15"]
[SourceQuality "1"]

1. d4 Nf6 2. Nf3 g6 3. e3 Bg7 4. Be2 d6 5. 0-0 Nbd7 6. c4 0-0 7. Nc3 e5 8. Qc2 Re8 9. b4 Qe7 10. Bb2 c6 11. Rad1 e4 12. Nd2 a6 13. a4 b6 14. a5 bxa5 15. bxa5 Nf8 16. Ba3 Bf5 17. Rb1 Qc7 18. Qa4 N8d7 19. Rb3 c5 20. d5 Ne5 21. Rb6 Qd8 22. Bb2 Bf8 23. Qa1 h5 24. Bd1 Nd3 25. Ba4 Nd7 26. Rb7 Bg7 27. Bxd7 Bxd7 28. Ndxe4 Nxb2 29. Rxb2 Bf5 30. f3 Bxe4 31. Nxe4 f5 32. Nf2 Bxb2 33. Qxb2 Rxe3 34. Nh3 Qh4 35. Qb6 Qd4 36. Nf2 Qe5 37. Qb7 Re8 38. Qd7 Re1 39. g3 Rxf1+ 40. Kxf1 Qe1+ 41. Kg2 Re2 0-1

[Event "RUS-chT Clubs U18"]
[Site "Rybinsk"]
[Date "2004.08.??"]
[Round "4"]
[White "Shorokhov, Alexandr"]
[Black "Ryzhov, Ivan"]
[Result "1-0"]
[WhiteElo "2470"]
[BlackElo "2265"]
[PlyCount "51"]
[EventDate "2004.08.??"]
[EventType "team-tourn"]
[EventRounds "9"]
[EventCountry "RUS"]
[SourceTitle "EXT 2005"]
[Source "ChessBase"]
[SourceDate "2004.11.15"]
[SourceVersion "1"]
[SourceVersionDate "2004.11.15"]
[SourceQuality "1"]

1. e4 b6 2. d4 Bb7 3. Bd3 e6 4. Nf3 Nf6 5. Qe2 c5 6. c3 d5 7. e5 Nfd7 8. a3 Be7 9. h4 Nc6 10. Be3 Qc7 11. Nbd2 0-0-0 12. Ng5 Bxg5 13. hxg5 f6 14. gxf6 gxf6 15. f4 f5 16. g4 fxg4 17. Qxg4 Rde8 18. Qe2 Ne7 19. Rxh7 Rxh7 20. Bxh7 Rh8 21. Bd3 Rh3 22. Nf1 Qd8 23. Qg4 Qh8 24. 0-0-0 Qh6 25. Kb1 Qh4 26. Qxe6 1-0

[Event "RUS Spartakiad U18"]
[Site "Kazan"]
[Date "2003.??.??"]
[Round "?"]
[White "Tomashevsky, Evgeny"]
[Black "Shorokhov, Alexandr"]
[Result "1/2-1/2"]
[WhiteElo "2444"]
[BlackElo "2423"]
[PlyCount "57"]
[EventDate "2003.??.??"]
[EventType "team"]
[EventRounds "8"]
[EventCountry "RUS"]
[SourceTitle "EXT 2005"]
[Source "ChessBase"]
[SourceDate "2004.11.15"]
[SourceVersion "1"]
[SourceVersionDate "2004.11.15"]
[SourceQuality "1"]

1. d4 Nf6 2. Nf3 g6 3. c4 Bg7 4. Nc3 0-0 5. Bg5 d6 6. e3 Nbd7 7. Be2 e5 8. Qc2 c6 9. Rd1 Qc7 10. 0-0 Re8 11. dxe5 dxe5 12. Nd2 Nf8 13. b4 Bf5 14. Qb3 N8d7 15. c5 a5 16. a3 b5 17. cxb6 Nxb6 18. Rc1 axb4 19. axb4 Be6 20. Qb1 Nfd5 21. b5 Nxc3 22. Rxc3 c5 23. Ne4 Na4 24. Rcc1 Reb8 25. Nf6+ Bxf6 26. Bxf6 Nb6 27. Qe4 Nd7 28. Be7 Ra2 29. Bc4 1/2-1/2

[Event "RUS Spartakiad U18"]
[Site "Kazan"]
[Date "2003.??.??"]
[Round "?"]
[White "Verzhansky, Alexander"]
[Black "Shorokhov, Alexandr"]
[Result "0-1"]
[WhiteElo "2219"]
[BlackElo "2423"]
[PlyCount "82"]
[EventDate "2003.??.??"]
[EventType "team"]
[EventRounds "8"]
[EventCountry "RUS"]
[SourceTitle "EXT 2005"]
[Source "ChessBase"]
[SourceDate "2004.11.15"]
[SourceVersion "1"]
[SourceVersionDate "2004.11.15"]
[SourceQuality "1"]

1. d4 Nf6 2. c4 g6 3. Nc3 Bg7 4. e4 0-0 5. Be3 d6 6. f3 e5 7. Nge2 Nfd7 8. Qd2 f5 9. exf5 gxf5 10. dxe5 dxe5 11. 0-0-0 Qe8 12. g4 f4 13. Bf2 e4 14. Qd5+ Kh8 15. Qxe4 Qf7 16. Nd4 Ne5 17. Bd3 Nxd3+ 18. Qxd3 Nd7 19. b3 Ne5 20. Qc2 c5 21. Ndb5 Nxf3 22. Bxc5 Bxg4 23. Bxf8 Qxf8 24. Ne4 a6 25. h3 Bf5 26. Nbd6 Nd4 27. Rxd4 Bxd4 28. Nxf5 Qxf5 29. Nd2 Qe6 30. Nf3 Bf6 31. Qd2 Qe4 32. Rf1 b5 33. Qe1 Qf5 34. Nd2 Rd8 35. Rf3 Qc5 36. Kc2 Qd4 37. Qc1 a5 38. cxb5 a4 39. Kd1 Qg1+ 40. Kc2 Rc8+ 41. Nc4 Qg2+ 0-1

[Event "RUS-chT U18"]
[Site "Orsk"]
[Date "2002.??.??"]
[Round "?"]
[White "Kotov, Viktor"]
[Black "Shorokhov, Alexandr"]
[Result "1/2-1/2"]
[WhiteElo "2268"]
[BlackElo "2407"]
[PlyCount "37"]
[EventDate "2002.??.??"]
[EventType "team"]
[EventRounds "9"]
[EventCountry "RUS"]
[SourceTitle "EXT 2003"]
[Source "ChessBase"]
[SourceDate "2002.11.25"]
[SourceVersion "1"]
[SourceVersionDate "2002.11.25"]
[SourceQuality "1"]

1. e4 e6 2. d4 d5 3. Nd2 Nf6 4. e5 Nfd7 5. f4 c5 6. c3 Nc6 7. Ndf3 Qb6 8. h4 f6 9. Bd3 cxd4 10. cxd4 Bb4+ 11. Kf1 0-0 12. Ne2 Kh8 13. Bc2 a5 14. Qd3 f5 15. Ng5 Be7 16. Qf3 Bxg5 17. hxg5 g6 18. Qf2 Rf7 19. Rh3 1/2-1/2

[Event "Moscow-ch 1/2 final"]
[Site "Moscow"]
[Date "2002.??.??"]
[Round "3"]
[White "Shorokhov, Alexandr"]
[Black "Dobrov, Vladimir"]
[Result "1/2-1/2"]
[WhiteElo "2313"]
[BlackElo "2417"]
[PlyCount "76"]
[EventDate "2002.03.??"]
[EventType "swiss"]
[EventRounds "11"]
[EventCountry "RUS"]
[SourceTitle "EXT 2003"]
[Source "ChessBase"]
[SourceDate "2002.11.25"]
[SourceVersion "1"]
[SourceVersionDate "2002.11.25"]
[SourceQuality "1"]

1. e4 c5 2. Nc3 e6 3. f4 d5 4. Nf3 dxe4 5. Nxe4 Nf6 6. d3 b6 7. Ne5 Nxe4 8. Qf3 Bb7 9. dxe4 Nc6 10. Bb5 Qc7 11. Nxc6 Bxc6 12. e5 Rc8 13. Bxc6+ Qxc6 14. Qxc6+ Rxc6 15. Be3 c4 16. Rd1 Bc5 17. Ke2 Ke7 18. c3 Rd8 19. g4 a5 20. Rxd8 Kxd8 21. Rd1+ Ke7 22. a4 f6 23. exf6+ gxf6 24. Bxc5+ Rxc5 25. Ke3 h5 26. h3 b5 27. axb5 Rxb5 28. Rd2 e5 29. f5 h4 30. Ke4 a4 31. Rg2 Rb3 32. g5 a3 33. bxa3 Rxc3 34. gxf6+ Kxf6 35. Rg6+ Kf7 36. Rc6 Rc1 37. Kxe5 c3 38. Rc7+ Ke8 1/2-1/2